| 000 | 00814nam a2200253 4500 | ||
|---|---|---|---|
| 003 | MX-MxINE | ||
| 005 | 20260530115314.0 | ||
| 008 | 260418b20082009spa||||| |||| 00| 0 spa d | ||
| 020 | _a9789709786125 | ||
| 040 |
_aUNAMX _bspa _cUNAMX _erda |
||
| 050 | 4 |
_aF1386.A4 _bD572 |
|
| 100 | _eautor | ||
| 245 |
_aD.F. a la mano : _bmanual del usuario de la Ciudad de México / _cJorge Pedro Uribe Llamas (editor) |
||
| 246 | 3 | 3 | _aDistrito Federal a la mano |
| 264 | 1 |
_aMéxico, D.F. : _bEditorial Mapas, _c2008 |
|
| 300 |
_a405 páginas : _bilustraciones |
||
| 336 |
_2rdacontent _atexto |
||
| 337 |
_2rdamedia _asin medio |
||
| 338 |
_2rdacarrier _avolumen |
||
| 490 | 0 | _aD.F. por travesías | |
| 651 | 4 |
_aCiudad de México _vGuías _95211 |
|
| 700 | 1 |
_aUribe Llamas, Jorge Pedro, _eeditor _933222 |
|
| 942 |
_2lcc _n0 _cBK |
||
| 999 |
_c13481 _d13481 |
||